LEADER 00906nam a2200241 i 4500 001 000000132659 003 CaOOAMICUS 005 20070703000000.0 008 070703s1967 it u000 u ita u 013 $a105652 040 $aSeMil$bita 100 1 $aVettori, Vittorio.$0(OLS)http://semarc/name/7187 245 10$aGiovanni Papini /$cVittorio Vettori. 260 $aTorino :$bBorla,$c1967. 300 $a171 p., [1] c. di ritr. ;$c19 cm. 490 0 $aScrittori del Secolo ;$v31 600 14$aPapini, Giovanni <1881-1956>.$0(OLS)http://semarc/subject/8249 830 0$aScrittori del Secolo ;$v31.$0(OLS)http://semarc/title/10418 850 $aSeMil 852 $aSeMil$W1$xVenegono$y1$m1O II 409$j247300$B86561$CSeMilBibl$Z2$F124723 $81 961 $aRecupero: Altro 996 $6245$aGiovanni Papini$9(OLS)http://semarc/title/194816 996 $6260$aTorino :$bBorla$9(OLS)http://semarc/publisher/29913 LEADER 01313nam a2200301 i 4500 001 000000255096 003 CaOOAMICUS 005 20200708084255.0 008 170724s1746 it u000 u ita u 013 $a234001 026 $aveno nase s-n- cast (3) 1746 (Q) 040 $aSeMil$bita 110 2 $aCongregazione della penitenza .$0(OLS)http://semarc/name/92621 245 10$aRegole, e statuti della Congregazione della penitenza. 264 1$aIn Milano :$bNelle Stampe degli Eredi di Giuseppe Agnelli,$c[1746] 300 $a40 p. ;$c8°. 500 $aVignetta xilogr. (Deposizione) sul front. 500 $aSegn.: A-B8 C4 500 $aData di pubblicazione presunta, 1746, nel testo 650 4$aCongregazioni e confraternite religiose - Milano - Sec. 16.-18.$0(OLS)http://semarc/subject/49109 700 1 $aAgnelli, Giuseppe eredi,$c.$0(OLS)http://semarc/name/72206 850 $aSeMil 852 $aSeMil$W1$xVenegono$y1$m3Z I 6/10 FA$j205442$B205442$CSeMilBibl$Z2$F218797 $8I 941 1 $a10 961 $aRecupero: Mantegazza 996 $6245$aRegole, e statuti della Congregazione della penitenza$9(OLS)http://semarc/title/411441 996 $6264$aIn Milano :$bNelle Stampe degli Eredi di Giuseppe Agnelli$9(OLS)http://semarc/publisher/57562 LEADER 01187nam a2200289 4500 001 000000358768 003 CaOOAMICUS 005 20240726170733.0 008 240708s2010 it 000 u ita r 020 $a978-88-6165-069-5 040 $aSeMil$bita 100 1 $aScarpa, Domenico,$d<1965- >.$0(OLS)http://semarc/name/119891 245 10$aStorie avventurose di libri necessari /$cDomenico Scarpa. 250 $a2. rist. 264 1$aRoma :$bGaffi,$c2010. 300 $a487 p. ;$c21 cm 490 1 $aIngegni ;$v25 650 4$aRomanzo d'avventura .$0(OLS)http://semarc/subject/20107 650 4$aLetteratura italiana - Narrativa - Sec. 20.$0(OLS)http://semarc/subject/55429 830 0$aIngegni ;$v25.$0(OLS)http://semarc/title/449173 850 $aSeMil 852 $aSeMil$W1$xVenegono$y1$m1O III 352$j249665$B249838$CSeMilBibl$Z2$F249838 $81 961 $aPerego don Stefano - Omaggio 996 $6020$a978-88-6165-069-5$9(OLS)http://semarc/number/300610 996 $6245$aStorie avventurose di libri necessari$9(OLS)http://semarc/title/449172 996 $6264$aRoma :$bGaffi$9(OLS)http://semarc/publisher/35905